Mấy dự báo về hôn nhân và gia đình trong nền kinh tế thị trường ở Thành phố Hồ Chí Minh /
Guardado en:
| Autor principal: | |
|---|---|
| Formato: | Artículo |
| Lenguaje: | Vietnamese |
| Materias: | |
| Etiquetas: |
Agregar Etiqueta
Sin Etiquetas, Sea el primero en etiquetar este registro!
|
| Thư viện lưu trữ: | Thư viện Trường Đại học Đà Lạt |
|---|
| LEADER | 00825nam a2200265 4500 | ||
|---|---|---|---|
| 001 | DLU090066087 | ||
| 005 | ##20090427 | ||
| 040 | # | # | |a DLU |b vie |
| 041 | # | # | |a vie |
| 044 | # | # | |a vn |
| 100 | # | # | |a Nguyễn Minh Hoà. |
| 245 | # | # | |a Mấy dự báo về hôn nhân và gia đình trong nền kinh tế thị trường ở Thành phố Hồ Chí Minh / |c Nguyễn Minh Hoà. |
| 653 | # | # | |a Gia đình |
| 653 | # | # | |a Xã hội học đô thị |
| 653 | # | # | |a Xã hội học gia đình |
| 773 | # | # | |t Khoa học Xã hội |g Số 18, 1993, tr. 63-65 |
| 920 | # | # | |a Phòng Tạp chí -- Trung tâm Thông tin - Thư viện Trường Đại học Đà Lạt |
| 994 | # | # | |a DLU |
| 900 | # | # | |a True |
| 911 | # | # | |a Nguyễn Thanh Hương |
| 925 | # | # | |a G |
| 926 | # | # | |a A |
| 927 | # | # | |a BB |
| 980 | # | # | |a Thư viện Trường Đại học Đà Lạt |